Statystyki dla Państwa o największym procencie otyłości w Europie

Kliknij tutaj aby rozwiązać quiz!

Ogólne statystyki

  • Ten quiz został rozwiązany 27 razy
  • Średni wynik to 8 z 10

Statystyki odpowiedzi

Procent otyłościPaństwo w Europie% Poprawnych
23,2%Polska
96%
27,3%Wielka Brytania
91%
23,8%Czechy
78%
23,3%Grecja
78%
23,7%Hiszpania
78%
25,5%Irlandia
74%
23,1%Rosja
74%
22%Węgry
74%
22,2%Białoruś
61%
23,2%Norwegia
48%

Rozkład punktacji

Percentyl według liczby udzielonych odpowiedzi

Procent ludzi z każdym wynikiem

Twoja historia wyników

Nie rozwiązałeś tego quizu